ბათუმის შოთა რუსთაველის სახელმწიფო უნივერსიტეტის ბიბლიოთეკა

Roman Portraits in Context : (ბიბ.ჩანაწერი № 60540)

000 -LEADER
fixed length control field 00616nam a22001817a 4500
005 - DATE AND TIME OF LATEST TRANSACTION
control field 20230816115144.0
008 - FIXED-LENGTH DATA ELEMENTS--GENERAL INFORMATION
fixed length control field 230816s1988 enk||||| |||| 00| 0 eng d
020 ## - INTERNATIONAL STANDARD BOOK NUMBER
International Standard Book Number ‎ 8878131385
041 ## - LANGUAGE CODE
Language code of text/sound track or separate title eng
080 ## - UNIVERSAL DECIMAL CLASSIFICATION NUMBER
Universal Decimal Classification number 94+7 A-54
100 ## - MAIN ENTRY--PERSONAL NAME
Personal name Anderson, Maxwell L.
9 (RLIN) 19679
245 ## - TITLE STATEMENT
Title Roman Portraits in Context :
Remainder of title Imperial and Private Likenesses from the Museo Nazionale Romano /
Statement of responsibility, etc. Maxwell L. Anderson, Leila Nitsa.
264 ## - PRODUCTION, PUBLICATION, DISTRIBUTION, MANUFACTURE, AND COPYRIGHT NOTICE
Date of production, publication, distribution, manufacture, or copyright notice 1988.
300 ## - PHYSICAL DESCRIPTION
Extent 94 p.:
Other physical details ill.;
Dimensions 28 cm.
653 ## - INDEX TERM--UNCONTROLLED
keyword რომაული პორტრეტები
700 ## - ADDED ENTRY--PERSONAL NAME
Personal name Nitsa, Leila.
Relator term ავტორი
9 (RLIN) 19680
942 ## - ADDED ENTRY ELEMENTS (KOHA)
Source of classification or shelving scheme
Koha item type წიგნი
ეგზემპლარები
Withdrawn status Lost status Source of classification or shelving scheme Damaged status Not for loan Permanent Location Current Location Shelving location Date acquired Cost, normal purchase price Full call number Barcode Date last seen Copy number Uniform Resource Identifier Price effective from Koha item type Public note
          ბათუმის შოთა რუსთაველის სახელმწიფო უნივერსიტეტის მთავარი ბიბლიოთეკა ბათუმის შოთა რუსთაველის სახელმწიფო უნივერსიტეტის მთავარი ბიბლიოთეკა წიგნსაცავი 2023-08-16 12.00 94+7 A-54 65107 2023-08-16 65107 ბსუ-ს საპატიო დოქტორის გურამ ლორთქიფანიძის საჩუქარი 2023-08-16 წიგნი 12 ლ.